| 000 | 00688cam a2200217 i 4500 | ||
|---|---|---|---|
| 999 |
_c7584 _d7584 |
||
| 003 | OSt | ||
| 005 | 20200316155454.0 | ||
| 008 | 180108t20192019nyua b 001 0 eng | ||
| 020 |
_a9781138629240 _q(pbk.) |
||
| 040 |
_aDLC _beng _cDLC _erda _dDLC |
||
| 050 | 0 | 0 |
_aTA658.2 _b.M32 2019 |
| 082 | 0 | 0 |
_a624.1/77 _223 _bMAC |
| 100 | 1 |
_aMacdonald, Angus, _d1945- _eauthor. |
|
| 245 | 1 | 0 |
_aStructure and architecture / _cAngus J. Macdonald. |
| 250 | _aThird edition. | ||
| 300 |
_avii, 350 pages : _billustrations ( some color) ; _c26 cm |
||
| 504 | _aIncludes bibliographical references (pages 345-346) and index. | ||
| 650 | 0 | _aStructural design. | |
| 650 | 0 | _aArchitectural design. | |
| 942 | _2ddc | ||